Plastics as design form /

Bibliographic Details
Main Author: Newman, Thelma R.
Format: Book
Language:English
Published: Philadelphia : Chilton Book Co., [1972]
Edition:[1st ed.].
Subjects:

MARC

Tag First Indicator Second Indicator Subfields
LEADER 00000cam a2200000 4500
001 in00000094508
005 20150927110457.0
008 720225s1972 paua b 00110 eng
010 |a  70169585  
020 |a 0801955955  |c $17.95 
035 |a (OCoLC)00262179 
035 |9 AAL6373AM 
040 |a DLC  |c DLC  |d TXA  |d UtOrBLW 
049 |a TXAM  |c [1323196] 
050 0 0 |a TP1120  |b .N48 1972 
082 0 |a 668.4/9 
100 1 |a Newman, Thelma R. 
245 1 0 |a Plastics as design form /  |c [by] Thelma R. Newman. 
250 |a [1st ed.]. 
264 1 |a Philadelphia :  |b Chilton Book Co.,  |c [1972] 
300 |a xix, 348 pages :  |b illustrations ;  |c 27 cm. 
336 |a text  |b txt  |2 rdacontent 
337 |a unmediated  |b n  |2 rdamedia 
338 |a volume  |b nc  |2 rdacarrier 
504 |a Bibliography: pages 341-342. 
650 0 |a Plastics. 
650 0 |a Industrial design. 
999 |a MARS 
999 f f |s 716553a2-22c4-3c72-83e8-d82725e5939d  |i 7d30078f-7dca-3cab-ae1d-3874123a7422  |t 0 
952 f f |p normal  |a Texas A&M University  |b College Station  |c Sterling C. Evans Library  |d Evans: Library Stacks  |t 0  |e TP1120 .N48 1972  |h Library of Congress classification  |i unmediated -- volume  |m A14805620250 
998 f f |a TP1120 .N48 1972  |t 0  |l Evans: Library Stacks